00474nam a2200181 a 4500001001300000003000900013005001700022008004100039020001000080082001500090100001800105245007800123260002300201300000900224500003500233505001000268650001400278nice12345678IN_TiNIC20260116011438.0050524s1965 lona grp 000 0 eng  ac10000a232.3bAUL aAulen, Gustaf aChristus Victorb an Historical Study of the Three Main Types of the Idea aLondonbSpckc1965 a163p aincludes index and biblioraphy2 aIndex aAtonement